The changing rhythm. A study of Najib Mahfuz's novels

محفوظ في:

المؤلف الرئيسي: Somekh, Sasson.

التنسيق: كتاب

اللغة: English

منشور في: Leiden : Brill, 1973.

سلاسل: Studies in Arabic literature ; v. 2.

الموضوعات:

الوسوم: إضافة وسم

لا توجد وسوم, كن أول من يضع وسما على هذه التسجيلة!

رقم الطلب: PJ7801.A2 J87 v.2

LEADER 00927cam a2200289 4500
001 ocm00746350
003 OCoLC
005 20240304022743.0
008 731029s1973 ne b 001 0 eng
010 |a  73174560  
020 |a 9004035877 
020 |a 9789004035874 
043 |a f-ua--- 
050 4 |a PJ7801.A2  |b J87 v.2 
100 1 |a Somekh, Sasson. 
245 1 4 |a The changing rhythm.  |b A study of Najib Mahfuz's novels  |c by Sasson Somekh. 
260 |a Leiden :  |b Brill,  |c 1973. 
300 |a x, 241 pages  |c 25 cm. 
336 |a text  |b txt  |2 rdacontent 
337 |a unmediated  |b n  |2 rdamedia 
338 |a volume  |b nc  |2 rdacarrier 
490 1 |a Studies in Arabic literature,  |v v. 2 
504 |a Includes bibliographical references (pages 229-235). 
600 1 0 |a Mahfuz, Najib,  |d 1911-2006  |x Criticism and interpretation. 
651 0 |a Egypt  |x In literature. 
830 0 |a Studies in Arabic literature ;  |v v. 2. 
999 |c 57163  |d 57163